000 00555nam a2200229Ia 4500
008 150901s9999 xx 000 0 und d
020 _a9789381226193
041 _aEnglish
082 _a302.2
082 _bDIL/AG
100 _aDileep Kumar
100 _aKhajan Singh
100 _eAuthor
245 _aAgricultural extension: innovations and dimensions
260 _aDelhi
260 _bSatish serial
260 _c2012
300 _a642 Pages
365 _aRs.2250/-
650 _aAgricultural extension
942 _cBK
999 _c244736
_d244736